[Event "Let's Play Chess!"]
[Site "http://www.queenalice.com/game.php?id=1105727"]
[Date "2012.9.23"]
[Round "-"]
[White "craig"]
[Black "mickke"]
[Result "0-1"]
[WhiteElo "1711"]
[BlackElo "1906"]

1. e4 c5 2. d3 g6 3. Na3 Bg7 4. c3 Nc6 5. Nf3 d6 6. Be2 Nf6 7. O-O O-O 8. Qc2 a6
9. Nc4 b5 10. Ncd2 Bg4 11. h3 Bd7 12. c4 b4 13. b3 Nxe4 14. Bb2 Nxd2 15. Qxd2 e5
16. a3 a5 17. a4 Nd4 18. Nxd4 exd4 19. Bf3 Ra7 20. Rae1 Bf5 21. Bd5 Re8 22.
Rxe8+ Qxe8 23. Re1 Re7 24. Rxe7 Qxe7 25. Kf1 Bf6 26. g4 Be6 27. Be4 Bc8 28. Bc1
Bb7 29. f3 Bxe4 30. fxe4 Bh4 31. Qg2 Bg5 32. Bxg5 Qxg5 33. Qg3 Qc1+ 34. Kf2 Qc2+
35. Ke1 Qxb3 36. Qxd6 Qc3+ 37. Ke2 b3 38. Qxc5 b2 39. Qc8+ Kg7 40. Qb7 Qc2+ 41.
Kf3 b1=Q 42. Qxb1 Qxb1 43. c5 Qxd3+ 44. Kf4 Qf1+ 45. Ke5 d3 46. c6 d2 47. c7
d1=Q 48. c8=Q Qf6# 0-1

[Event "AUTO-OPEN-2798"]
[Site "http://www.queenalice.com/game.php?id=1105759"]
[Date "2012.9.23"]
[Round "1"]
[White "Belbo"]
[Black "mickke"]
[Result "1-0"]
[WhiteElo "1943"]
[BlackElo "1766"]

1. e4 c5 2. Nf3 Nc6 3. Bb5 g6 4. O-O Bg7 5. c3 a6 6. Ba4 b5 7. Bc2 Bb7 8. d4
cxd4 9. cxd4 d5 10. e5 e6 11. Bg5 Nge7 12. Nbd2 O-O 13. Nb3 f6 14. exf6 Bxf6 15.
Nc5 Bc8 16. Re1 Qd6 17. Bxf6 Rxf6 18. Rc1 Rf4 19. g3 Rf6 20. Nb3 Bd7 21. Ne5
Raf8 22. f4 Qc7 23. Ng4 Rf5 24. Nh6+ Kg7 25. Nxf5+ Nxf5 26. Bxf5 exf5 27. Re7+
Kh6 28. Qf1 Qd6 29. Qh3# 1-0

[Event "AUTO-OPEN-2798"]
[Site "http://www.queenalice.com/game.php?id=1105760"]
[Date "2012.9.23"]
[Round "1"]
[White "mickke"]
[Black "Belbo"]
[Result "1-0"]
[WhiteElo "1741"]
[BlackElo "1968"]

1. c4 e5 2. g3 f5 3. e4 d6 4. Nc3 Nf6 5. Bg2 Nc6 6. d3 Be7 7. Bg5 O-O 8. Nge2
fxe4 9. Nxe4 Nxe4 10. Bxe7 Nxf2 11. Bxd8 Nxd1 12. Bxc6 Rxd8 13. Bd5+ 1-0

[Event "AUTO-OPEN-2798"]
[Site "http://www.queenalice.com/game.php?id=1105783"]
[Date "2012.9.23"]
[Round "1"]
[White "SomaliMaster"]
[Black "mickke"]
[Result "0-1"]
[WhiteElo "1779"]
[BlackElo "1945"]

1. d4 d5 2. c4 e6 3. Nc3 Nf6 4. g3 b6 5. Bg2 Bb7 6. Nf3 Bb4 7. O-O O-O 8. Bg5
dxc4 9. Qa4 Bxc3 10. bxc3 Bd5 11. Rfe1 a6 12. e4 b5 13. Qc2 Bb7 14. e5 h6 15.
exf6 hxg5 16. fxg7 Kxg7 17. h4 gxh4 18. Nxh4 Bxg2 19. Kxg2 Qd5+ 20. Nf3 Nd7 21.
Rh1 Rh8 22. Qd2 Nf6 23. Qg5+ Qxg5 24. Nxg5 Kg6 25. f4 Nd5 26. Ne4 Kg7 27. a4 c6
28. axb5 cxb5 29. Rxh8 Kxh8 30. Nd6 Kg7 31. Nxb5 Rb8 32. Nd6 Rb2+ 33. Kf3 Rb3
34. Rxa6 Rxc3+ 35. Kg4 Kg6 36. Ra8 Ne3+ 37. Kh3 Nf5 38. Nxf5 Kxf5 39. Ra7 f6 40.
Ra6 Ke4 41. Rxe6+ Kxd4 42. Rxf6 Rb3 43. Rc6 c3 44. f5 c2 45. f6 Rc3 0-1

[Event "AUTO-OPEN-2798"]
[Site "http://www.queenalice.com/game.php?id=1105784"]
[Date "2012.9.23"]
[Round "1"]
[White "mickke"]
[Black "SomaliMaster"]
[Result "1-0"]
[WhiteElo "1883"]
[BlackElo "1859"]

1. c4 e5 2. g3 h5 3. Bg2 h4 4. Nc3 d6 5. h3 hxg3 6. fxg3 Qg5 7. Ne4 Qg6 8. d3 f5
9. Ng5 Be7 10. h4 Nf6 11. Bd2 Nh5 12. Bd5 c6 13. Bf7+ Qxf7 14. Nxf7 Kxf7 15. Kf2
d5 16. cxd5 cxd5 17. Qb3 Be6 18. Nf3 Nd7 19. Ng5+ Bxg5 20. Bxg5 b6 21. Rac1 Nc5
22. Qa3 f4 23. gxf4 exf4 24. Kf3 d4 25. Rxc5 bxc5 26. Qxc5 Rhd8 27. Bxd8 Rxd8
28. Qxh5+ Ke7 29. Rc1 Bd5+ 30. Kxf4 Rf8+ 31. Kg3 Kd6 32. Qg4 g5 33. hxg5 Ke5 34.
Rc5 Kd6 35. Qxd4 Rf5 36. Rxd5+ Rxd5 37. Qf6+ Kc5 38. g6 Rd6 39. Qe7 1-0

[Event "AUTO-OPEN-2798"]
[Site "http://www.queenalice.com/game.php?id=1105799"]
[Date "2012.9.23"]
[Round "1"]
[White "mickke"]
[Black "marcomasa"]
[Result "1-0"]
[WhiteElo "1849"]
[BlackElo "1633"]

1. d4 e6 2. e4 Nh6 3. Bd3 g6 4. Nf3 Bg7 5. O-O Na6 6. Bxa6 bxa6 7. e5 Bb7 8. Nc3
Qe7 9. a3 Kf8 10. Na4 Rb8 11. Nc5 a5 12. Bg5 Qe8 13. Qd2 Nf5 14. Nxb7 Rxb7 15.
b3 h6 16. Be3 Qd8 17. Qxa5 Kg8 18. Rab1 Qa8 19. c4 Kh7 20. Qd2 Rhb8 21. b4 Re8
22. a4 a6 23. b5 axb5 24. axb5 Rb6 25. Ra1 Qb8 26. Ra2 Rb7 27. Rfa1 Qd8 28. Ra7
Rb6 29. R1a6 Rb8 30. Qa5 Rc8 31. c5 Qe7 32. Rxc7 Rb8 33. b6 Red8 34. b7 g5 35.
Ra8 Qe8 36. Rxb8 Rxb8 37. Qa6 Qd8 38. Rc8 Qa5 39. Qxa5 Rxb7 40. g3 Rb1+ 41. Kg2
Rb7 42. Rc7 Rb8 43. Rxd7 Rf8 44. Rd8 Ne7 45. Rxf8 Bxf8 46. Qd8 Ng6 47. c6 Be7
48. Qd7 g4 49. Nh4 f6 50. Nxg6 Kxg6 51. Qxe7 fxe5 52. dxe5 Kh5 53. Qf7# 1-0

[Event "AUTO-OPEN-2798"]
[Site "http://www.queenalice.com/game.php?id=1105800"]
[Date "2012.9.23"]
[Round "1"]
[White "marcomasa"]
[Black "mickke"]
[Result "0-1"]
[WhiteElo "1542"]
[BlackElo "1839"]

1. e4 c5 2. Bc4 g6 3. Nf3 d6 4. Ng5 e6 5. d3 Be7 6. Nf3 Nf6 7. Bd2 a5 8. Nc3 Bd7
9. a3 O-O 10. Qe2 d5 11. exd5 exd5 12. Ba2 d4 13. Ne4 Nxe4 14. dxe4 Bc6 15. Kd1
Bf6 16. h3 Re8 17. Qc4 Qe7 18. Bh6 b5 19. Qe2 Qxe4 20. Qf1 Qf5 21. Kc1 Bxf3 22.
gxf3 Qxf3 23. h4 Nc6 24. Rh2 Re5 25. b3 Rae8 26. Kb2 Qc3+ 27. Kb1 Re1+ 28. Qxe1
Rxe1+ 29. Bc1 Re2 0-1

[Event "AUTO-ADV-2628"]
[Site "http://www.queenalice.com/game.php?id=1105894"]
[Date "2012.9.24"]
[Round "1"]
[White "mickke"]
[Black "clovis"]
[Result "1-0"]
[WhiteElo "1814"]
[BlackElo "1878"]

1. d4 d5 2. Bf4 Bf5 3. Nc3 Nf6 4. e3 e6 5. Nf3 c6 6. Bd3 Bxd3 7. cxd3 Bd6 8.
Bxd6 Qxd6 9. O-O O-O 10. h3 Nbd7 11. Re1 e5 12. dxe5 Nxe5 13. d4 Nxf3+ 14. Qxf3
Rae8 15. a3 Ne4 16. Rac1 f5 17. Qd1 f4 18. Nxe4 dxe4 19. Qb3+ Kh8 20. Qxb7 f3
21. Rxc6 Qd5 22. Rc7 Qg5 23. g3 Rg8 24. Rec1 Qf5 25. Kh2 Rb8 26. Qxa7 Rxb2 27.
R7c2 Rb3 28. a4 Rxe3 29. fxe3 f2 30. Qa6 h5 31. Rf1 h4 32. gxh4 Rf8 33. Rcxf2
1-0

[Event "AUTO-ADV-2628"]
[Site "http://www.queenalice.com/game.php?id=1105895"]
[Date "2012.9.24"]
[Round "1"]
[White "clovis"]
[Black "mickke"]
[Result "0-1"]
[WhiteElo "1921"]
[BlackElo "1789"]

1. e4 c5 2. Nf3 Nc6 3. Bb5 g6 4. O-O Bg7 5. c3 a6 6. Bxc6 dxc6 7. d4 cxd4 8.
cxd4 Bg4 9. Nc3 Bxf3 10. Qxf3 Qxd4 11. Be3 Qd6 12. Rfd1 Qe6 13. Rd3 Nf6 14. Rad1
O-O 15. Bd4 Rad8 16. Bb6 Rxd3 17. Qxd3 Nh5 18. f3 Bxc3 19. Qxc3 Qxa2 20. Rd7 Nf4
21. Rxe7 Ne2+ 0-1

[Event "AUTO-ADV-2628"]
[Site "http://www.queenalice.com/game.php?id=1105896"]
[Date "2012.9.24"]
[Round "1"]
[White "mickke"]
[Black "SubRoger"]
[Result "1-0"]
[WhiteElo "1861"]
[BlackElo "2003"]

1. d4 e6 2. e4 d5 3. exd5 exd5 4. Nc3 c6 5. Nf3 Nf6 6. Bd3 h6 7. O-O Be7 8. Re1
O-O 9. Ne5 Nbd7 10. Ng4 Nh7 11. Nxh6+ gxh6 12. Bxh6 Bg5 13. Bxf8 Qxf8 14. Qh5
Ndf6 15. Bxh7+ Nxh7 16. Re2 Qh6 17. Re8+ Nf8 18. Qf3 Kg7 19. Rae1 Ne6 20. Qg3
Qg6 21. R1xe6 fxe6 22. Qc7+ Qf7 23. Rxc8 Qxc7 24. Rxc7+ Kg6 25. Rxb7 Bc1 26. Ne2
Bg5 27. Rc7 Kf6 28. Rxc6 Rb8 29. b3 Rb7 30. g3 Ke7 31. Rc8 Bh6 32. h4 Bg7 33. f4
Kd7 34. Rc3 Rb8 35. Kf2 Bf8 36. Kf3 Bd6 37. g4 Rf8 38. g5 Bb4 39. Rd3 Bd6 40. h5
Ke7 41. Kg4 Rg8 42. h6 Kf7 43. Kh5 Bf8 44. Rc3 Bd6 45. Rc6 Bb8 46. f5 e5 47.
Rf6+ Ke7 48. dxe5 1-0

[Event "AUTO-ADV-2628"]
[Site "http://www.queenalice.com/game.php?id=1105897"]
[Date "2012.9.24"]
[Round "1"]
[White "SubRoger"]
[Black "mickke"]
[Result "0-1"]
[WhiteElo "2020"]
[BlackElo "1914"]

1. e4 e6 2. d4 d5 3. e5 c5 4. c3 Nc6 5. Nf3 Bd7 6. Be2 Qb6 7. O-O Nge7 8. Na3
Nf5 9. Nc2 Be7 10. Rb1 O-O 11. Be3 cxd4 12. cxd4 Nxe3 13. fxe3 Nb4 14. Nxb4 Bxb4
15. a3 Be7 16. Bd3 Bb5 17. h3 Rac8 18. Nh2 Rc7 19. Qe2 Bxd3 20. Qxd3 Rfc8 21. e4
dxe4 22. Qxe4 Rc4 23. Nf3 Rc2 24. b4 Qa6 25. Qf4 R2c3 26. Nd2 Rf8 27. Ne4 Rxa3
28. Qg4 Qd3 29. Rfd1 Qe3+ 30. Kh1 h5 31. Qf3 Qxf3 32. gxf3 Rxf3 33. Kg2 Re3 34.
Nf2 Rc8 35. Rd3 Rc3 36. Rxc3 Rxc3 37. b5 Rc4 38. Rd1 Rb4 39. Ra1 Rxd4 40. Rxa7
Bc5 41. Rxb7 Rd2 42. Rb8+ Kh7 43. Rc8 Bxf2 44. Kf3 Bg1 45. Rc7 Kg6 0-1

[Event "AUTO-ADV-2628"]
[Site "http://www.queenalice.com/game.php?id=1105898"]
[Date "2012.9.24"]
[Round "1"]
[White "mickke"]
[Black "TITAN10"]
[Result "1-0"]
[WhiteElo "1757"]
[BlackElo "1733"]

1. d4 Nf6 2. Nc3 d5 3. Bf4 c6 4. Nf3 Bf5 5. e3 Nbd7 6. Bd3 Bg6 7. O-O e6 8. Re1
c5 9. Nb5 a6 10. Nc7+ Ke7 11. dxc5 Rc8 12. Bd6# 1-0

[Event "AUTO-ADV-2628"]
[Site "http://www.queenalice.com/game.php?id=1105899"]
[Date "2012.9.24"]
[Round "1"]
[White "TITAN10"]
[Black "mickke"]
[Result "1/2-1/2"]
[WhiteElo "1692"]
[BlackElo "1793"]

1. e4 e6 2. d4 d5 3. exd5 exd5 4. Bd3 Nc6 5. a3 Nxd4 6. Be3 Nf5 7. Bxf5 Bxf5 8.
Nf3 Nf6 9. O-O c6 10. Re1 Be7 11. Nd4 Bg6 12. Qe2 O-O 13. Nd2 Bxc2 14. Nxc2 Re8
15. Nf3 Ng4 16. h3 Nxe3 17. fxe3 Qb6 18. Rab1 Bc5 19. b4 Bxe3+ 20. Nxe3 d4 21.
Nxd4 Qxd4 22. Rb3 Rad8 23. Qf3 f5 24. Kh1 f4 25. Nc2 Rxe1+ 26. Nxe1 Qa1 27. Qe2
h6 28. Kh2 Rd1 29. Qe8+ Kh7 30. Qe4+ Kg8 31. Qe8+ Kh7 32. Qe4+ Kg8 33. Qe8+
1/2-1/2

[Event "AUTO-ADV-2628"]
[Site "http://www.queenalice.com/game.php?id=1135871"]
[Date "2012.12.31"]
[Round "2"]
[White "DORLISS"]
[Black "mickke"]
[Result "0-1"]
[WhiteElo "1767"]
[BlackElo "1975"]

1. e4 c6 2. d4 d5 3. exd5 cxd5 4. Nf3 Nc6 5. Bb5 Nf6 6. O-O e6 7. Ne5 Bd7 8.
Nxd7 Nxd7 9. Bf4 Qb6 10. Nc3 Bb4 11. Bxc6 Qxc6 12. Qg4 Rg8 13. Rfe1 Nf6 14. Qg3
Nh5 15. Qg5 Nxf4 16. Qxf4 Bxc3 17. bxc3 Qxc3 18. Qg5 Qc6 19. Qh4 h6 20. Rab1 Rc8
21. Rb2 b6 22. h3 Qc3 23. Rbb1 Kd7 24. Qf4 Rgf8 25. Qe5 g6 26. Re2 Qc7 27. Qf6
Qd8 28. Qf4 Qg5 29. Qf3 Qe7 30. Rbe1 Qd6 31. Qb3 Rc7 32. Qf3 Kc8 33. Rxe6 fxe6
0-1

[Event "AUTO-ADV-2628"]
[Site "http://www.queenalice.com/game.php?id=1135872"]
[Date "2012.12.31"]
[Round "2"]
[White "mickke"]
[Black "DORLISS"]
[Result "1-0"]
[WhiteElo "1965"]
[BlackElo "1810"]

1. c4 e5 2. Nc3 Nf6 3. e4 d5 4. cxd5 Bb4 5. Qc2 O-O 6. Nf3 Bxc3 7. dxc3 Bg4 8.
Nxe5 Re8 9. Nxg4 Nxg4 10. Be2 Qd7 11. O-O Na6 12. Bxa6 bxa6 13. f3 Nf6 14. Bf4
Rab8 15. b3 Qb5 16. Kh1 Rb7 17. c4 Qc5 18. Rad1 a5 19. d6 cxd6 20. Bxd6 Qg5 21.
Qd2 Qg6 22. Qxa5 h6 23. Bg3 Nh5 24. Rd8 Rxd8 25. Qxd8+ Kh7 26. Qd5 Rb6 27. Qf5
Rf6 28. Qxg6+ Rxg6 29. Rd1 Nxg3+ 30. hxg3 Rxg3 31. Rd7 Kg6 32. Rxa7 Kf6 33. Rd7
Rg5 34. Rd5 Rxd5 35. exd5 1-0

[Event "AUTO-ADV-2628"]
[Site "http://www.queenalice.com/game.php?id=1135875"]
[Date "2012.12.31"]
[Round "2"]
[White "mickke"]
[Black "Pros0dia"]
[Result "1-0"]
[WhiteElo "1983"]
[BlackElo "1788"]

1. c4 e5 2. Nc3 Nf6 3. e4 Nc6 4. g3 Bc5 5. Bg2 a6 6. Nf3 d6 7. a3 h6 8. Rb1 Be6
9. d3 Bg4 10. O-O Nd4 11. Be3 c6 12. Bxd4 Bxd4 13. Qc2 Bxf3 14. Bxf3 O-O 15. a4
Qd7 16. Bg2 Qg4 17. b4 Rfc8 18. b5 Nh7 19. h3 Qh5 20. Kh2 Bxc3 21. Qxc3 axb5 22.
axb5 c5 23. Ra1 Ng5 24. f4 1-0

[Event "AUTO-ADV-2628"]
[Site "http://www.queenalice.com/game.php?id=1135876"]
[Date "2012.12.31"]
[Round "2"]
[White "Pros0dia"]
[Black "mickke"]
[Result "0-1"]
[WhiteElo "1780"]
[BlackElo "1991"]

1. e4 c6 2. d4 d5 3. Nc3 dxe4 4. Nxe4 Bf5 5. Ng3 Bg6 6. Nf3 Nf6 7. h4 h6 8. Bd3
Bxd3 9. Qxd3 e6 10. Bd2 Nbd7 11. O-O-O Bd6 12. Rhe1 Qc7 13. Nf5 O-O-O 14. Nxd6+
Qxd6 15. g3 Nd5 16. Ne5 Nxe5 17. Rxe5 Kb8 18. Qf3 Qe7 19. Rde1 Rd7 20. Qg4 g6
21. c3 Ka8 0-1

[Event "AUTO-OPEN-2798"]
[Site "http://www.queenalice.com/game.php?id=1167865"]
[Date "2013.4.3"]
[Round "2"]
[White "mickke"]
[Black "HILITO"]
[Result "1-0"]
[WhiteElo "2012"]
[BlackElo "2109"]

1. c4 c6 2. d4 d5 3. Nf3 Nf6 4. e3 g6 5. Nc3 Bg7 6. Be2 O-O 7. O-O Nbd7 8. Bd2
Re8 9. cxd5 cxd5 10. Rc1 a6 11. Na4 b5 12. Nc5 e5 13. Nxd7 Nxd7 14. dxe5 Nxe5
15. Bc3 Bg4 16. Nxe5 Bxe2 17. Nxf7 Kxf7 18. Qxe2 Kg8 19. Bxg7 Kxg7 20. Qd2 Qd6
21. Rfd1 Rac8 22. Rxc8 Rxc8 23. g3 Rd8 24. Qd4+ Qf6 25. e4 Qxd4 26. Rxd4 Kf6 27.
f4 h5 28. exd5 Rd6 29. Kf2 Rd8 30. Kf3 Ke7 31. g4 hxg4+ 32. Kxg4 Kd6 33. h4 a5
34. Rd2 Rf8 35. Kg5 Rf5+ 36. Kxg6 Rxf4 37. h5 Rg4+ 38. Kf5 Rh4 39. Kg5 Rh1 40.
Rg2 Kxd5 41. h6 Ke4 42. Kg6 a4 43. Kg7 Kf3 44. Rg5 Kf4 45. Rxb5 Rg1+ 46. Kf6 Rh1
47. Rb4+ Ke3 48. Rxa4 Rxh6+ 49. Ke5 Rb6 50. b4 Kd3 51. a3 Kc4 52. Ra5 Rh6 53.
Ra8 Kb5 54. Kf4 Kb6 55. Rg8 Kb5 56. Rg3 Rh5 57. Ke4 Ka4 58. Re3 Rb5 59. Kd4 Rh5
60. Re5 Rh4+ 61. Kc5 Rh3 62. Rd5 Kxa3 63. b5 Rc3+ 64. Kd6 Rb3 65. Kc6 Rc3+ 66.
Rc5 1-0

[Event "AUTO-OPEN-2798"]
[Site "http://www.queenalice.com/game.php?id=1167866"]
[Date "2013.4.3"]
[Round "2"]
[White "HILITO"]
[Black "mickke"]
[Result "1/2-1/2"]
[WhiteElo "2123"]
[BlackElo "2007"]

1. e4 e5 2. Nf3 Nc6 3. Bb5 a6 4. Ba4 Nf6 5. O-O b5 6. Bb3 Be7 7. d3 O-O 8. Bg5
d6 9. Nbd2 Na5 10. a3 Nxb3 11. Nxb3 c5 12. Nbd2 Nd5 13. exd5 Bxg5 14. Nxg5 Qxg5
15. Ne4 Qe7 16. c4 Bf5 17. b3 Bxe4 18. dxe4 f5 19. Qe2 fxe4 20. Qxe4 Rf4 21. Qe3
bxc4 22. bxc4 Rxc4 23. Rad1 Rd4 24. Rxd4 cxd4 25. Qe4 Qc7 26. f4 Rf8 27. fxe5
Rxf1+ 28. Kxf1 dxe5 29. h3 Kf8 30. Qxh7 Qf7+ 31. Kg1 Qxd5 32. Qf5+ Kg8 33. Qc8+
Kh7 34. Qf5+ Kh6 35. g4 g6 36. Qf8+ Kg5 37. Qe7+ Kf4 38. Qh4 d3 39. g5+ Ke3 40.
Qf2+ Ke4 41. Qh4+ 1/2-1/2

[Event "AUTO-OPEN-2798"]
[Site "http://www.queenalice.com/game.php?id=1212348"]
[Date "2013.8.28"]
[Round "3"]
[White "mickke"]
[Black "kilmison"]
[Result "1/2-1/2"]
[WhiteElo "2054"]
[BlackElo "2133"]

1. e4 e5 2. Nf3 Nc6 3. Bb5 a6 4. Ba4 b5 5. Bb3 Bc5 6. O-O Nf6 7. d3 h6 8. c3 Bb6
9. h3 d6 10. Re1 O-O 11. Nbd2 Bb7 12. Nf1 Na5 13. Bc2 c5 14. d4 cxd4 15. cxd4
exd4 16. Nxd4 Bxd4 17. Qxd4 Re8 18. Ng3 Nc6 19. Qd1 Ne5 20. Nf5 d5 21. exd5 Bxd5
22. Bf4 Ng6 23. Bg3 Rxe1+ 24. Qxe1 Be6 25. Nxh6+ gxh6 26. Bxg6 Bxh3 27. Bxf7+
Kxf7 28. gxh3 Qd7 29. Kh2 Re8 30. Qc3 Qe6 31. Qc7+ Re7 32. Qd6 Qxd6 33. Bxd6 Re2
34. b3 Rxf2+ 35. Kg1 Rf3 36. Rf1 Rxf1+ 37. Kxf1 Ne4 38. Bb4 Ke6 39. Kg2 h5 40.
Kf3 Kf5 41. h4 Nf6 42. Be1 Nd5 43. a3 Nf4 44. a4 Nd3 45. Bc3 b4 46. Ke3 Nf4 47.
Bd4 Ng2+ 48. Kd3 Nxh4 49. Kc4 Nf3 50. Bf2 Ne5+ 51. Kd5 Nd3 52. Bh4 Kg4 53. Be7
Nf4+ 54. Kc4 a5 55. Kb5 Nd5 56. Bd8 h4 57. Bxh4 Kxh4 58. Kxa5 Kg5 59. Kb5 Kf5
60. a5 Ke6 61. a6 1/2-1/2

[Event "AUTO-OPEN-2798"]
[Site "http://www.queenalice.com/game.php?id=1212349"]
[Date "2013.8.28"]
[Round "3"]
[White "kilmison"]
[Black "mickke"]
[Result "0-1"]
[WhiteElo "2172"]
[BlackElo "2032"]

1. d4 d5 2. c4 c6 3. c5 e5 4. e3 exd4 5. exd4 Nf6 6. Nc3 Bf5 7. Be3 Be7 8. Be2
Nbd7 9. Nf3 O-O 10. O-O b6 11. b4 a5 12. a3 axb4 13. axb4 Rxa1 14. Qxa1 Qa8 15.
Qb2 Qb7 16. Qc1 h6 17. Qd2 Ne4 18. Nxe4 Bxe4 19. Qb2 bxc5 20. dxc5 Bxc5 21. Bxc5
Nxc5 22. b5 cxb5 23. Qxb5 Qxb5 24. Bxb5 Bxf3 25. gxf3 Ne6 26. Rd1 d4 27. Kf1 Rd8
28. Ke2 Kf8 29. Bc4 Ke7 30. Kd3 Nc5+ 31. Kd2 Kf6 32. Re1 Ne6 33. Re4 Ng5 34. Rg4
Nxf3+ 35. Kd3 Ne5+ 0-1